Quizzes
Events
Quiz Creation
Community
Videos
Private Events
Remove Ads
Sign In
Join for FREE
Feedback
Dark Mode
Quiz Categories
Sports
Geography
Music
Movies
Television
Just For Fun
Miscellaneous
History
Literature
Language
Science
Gaming
Entertainment
Religion
Holiday
For Kids
Quiz Lab
Recent
Popular Today
Quiz Kudos Today
Editor Picks
Curator Picks
Quizzes by...
Day
Popularity
Type
Ratings
Length
Year
Community
Subscriptions
Recent Discussions
Orange Saloon
Badges
Playlists
Quests
Create
Leaderboards
Showdown
Live 5
Trivia Bingo
Activity
Puzzle Library
Sporcle Events
Private Events
Virtual Trivia
Globe League
Become a Host
Pub Owners
SporcleCon
Opinionation
Our Games
Videos
Blog
Mobile Apps
Partnerships
Remove Ads and Go Orange
Feedback
Sports
Athletes
MLB
NBA
NHL
NFL
Soccer
Sports Teams
WWE
NCAA
Football
Premier League
Basketball
Baseball
Hockey
Golf
Tennis
Cricket
Rugby
Auto Racing
Olympics
World Cup
Sports
Athletes
MLB
NBA
NHL
NFL
Soccer
Sports Teams
WWE
NCAA
Football
Premier League
Basketball
Baseball
Hockey
Golf
Tennis
Cricket
Rugby
Auto Racing
Olympics
World Cup
Random Quiz
Search Sporcle
×
Quiz Lab
Quiz Lab
Sports
Baseball
Type in answers that appear in a list
Type in answers that appear in a list
Classic
Best Score? Go Orange.
MLB Hall of Fame Pictures: Pitchers (Modern Era) Stats
Can you name the modern era Hall of Fame pitchers by picture?
By
NYYCano24
12m
50 Questions
472 Plays
472 Plays
472 Plays
Comments
Comments
Give Quiz Kudos
Give Quiz Kudos
-
- Ratings
hide this ad
More Info
Forced Order
Answers have to be entered in order
Answers have to be entered in order
Replay
Link that replays current quiz
Next Quiz
Link to next quiz in quiz playlist
You Got
0%
They Got
Avg Score
58%
Avg Friend Score
Upgrade to see
Score Distribution
Jump to the score distribution portion of the page
Score
0/50
Timer
12:00
0
Plays Today
#
Player's Name
% Correct
13
Sandy Koufax
97%
36
Bob Gibson
96.8%
21
Tom Seaver
94.7%
50
Rollie Fingers
94.7%
43
Dennis Eckersley
94.5%
20
Jim Palmer
92.2%
29
Nolan Ryan
91.7%
9
Don Drysdale
91.5%
38
Steve Carlton
91.5%
32
Fergie Jenkins
91.3%
6
Juan Marichal
88.8%
10
'Whitey' Ford
87.1%
18
Walter Johnson
85.6%
26
'Catfish' Hunter
85.2%
47
'Goose' Gossage
85%
1
Bert Blyleven
84.5%
34
Bruce Sutter
80.3%
49
Warren Spahn
76.1%
25
Don Sutton
75.8%
17
Phil Niekro
75%
4
Gaylord Perry
74.2%
41
Bob Feller
68.2%
28
Robin Roberts
67.2%
5
Christy Mathewson
60.6%
30
Pete Alexander
51.7%
#
Player's Name
% Correct
45
Hal Newhouser
49.8%
16
Hoyt Wilhelm
49.2%
11
Jim Bunning
46.6%
14
'Red' Ruffing
46.2%
27
'Lefty' Gomez
45.8%
15
'Lefty' Grove
45.3%
46
Bob Lemon
43.2%
42
Carl Hubbell
38.3%
8
'Dizzy' Dean
38.3%
23
Waite Hoyt
38.1%
7
'Chief' Bender
35.6%
35
'Dazzy' Vance
35%
33
Addie Joss
32%
39
Eddie Plank
31.6%
3
Early Wynn
30.7%
12
Mordecai Brown
29.9%
44
Ed Walsh
28.6%
37
Stan Coveleski
25.6%
2
Burleigh Grimes
24.8%
48
Eppa Rixey
21.6%
19
Ted Lyons
20.8%
22
'Rube' Marquard
20.6%
40
Herb Pennock
19.7%
31
Jesse Haines
15%
24
'Red' Faber
13.3%
Quiz Playlist
Details
Report
Send in Message
Add To Playlist
More Info:
All pitchers included in this quiz began their careers during or after the year 1900.
Classic:
Type in answers that appear in a list
Forced Order:
Answers have to be entered in order
Last Updated: Apr 26, 2018
Quiz Scoreboard
CHALLENGE
Sign Up to Join the Scoreboard
Show All
Scores
Hide
Comments
May contain spoilers
Recently Published
Movies - When Are They Set?
by FPL_Elf
Movies
5m
Popular People in 1961
by mucciniale
History
6m
1-10 Letter E Words III
by El_Dandy
Language
2m
More to Explore
Quiz From the Vault
Featured Blog Post
Where Did the Easter Bunny Come From?
hide this ad
You Might Also Like...
Tags
Baseball Quiz
MLB Quiz
Era
fame
hall
Image Quiz
Modern
Pitchers
Player
Today's Top Quizzes in Sports
Browse Sports
hide this ad
Today's Top Quizzes in Baseball
Browse Baseball
Top Contributed Quizzes in Sports
1
Les meilleurs buteurs des matchs entre le PSG et l’OM
2
2022 World Cup Stars
3
FIFA Club World Cup Champions
4
Les entraîneurs de l'OM et du PSG au 21e siècle
5
Name the Premier League winners with different clubs
6
La finale Lions - Afrique du Sud 2021
7
Criteria MLB: Left Handed Sluggers
8
Les joueurs passés par le LOSC et le RC Lens
9
Players with Multiple 50 Home Run Seasons
10
MLB Players with Two .350 Batting Average Seasons
Explore More
Trending Topics
NBA
Crossword
Harry Potter
Marvel
Disney
Kpop
Anime
The Office
Puzzle
Song
WWE
Pokémon
Country
NFL
Soccer
hide this ad
More By:
NYYCano24
Quiz
Plays
Rating
Category
Featured
Created
MLB Stat by Career Leaders
34,612
3.40
Sports
Mar 14, 2011
MLB Career Outfield Assists
2,714
4.37
Sports
Mar 8, 2011
Big East Basketball Teams, East to West
2,001
3.60
Sports
Mar 24, 2011
MLB Hall of Fame 'Team Players'
486
4.22
Sports
Mar 9, 2011
Alfred Hitchcock Movie by Tagline
485
5.00
Movies
Jan 27, 2011
Go to Creator's Profile
Score Distribution
Quiz Creator Spotlight
NYYCano24
Follow
Send a Message
Quizzes Created
-
Created Quiz Play Count
-
More By This Creator
Popular Quizzes Today
1
Find the Countries of Europe - No Outlines Minefield
2
Find the US States - No Outlines Minefield
3
The Countries of the World
4
Popular People in 1961
5
US States
6
1-10 Letter E Words III
7
Find the US States
8
One Thing in Common: World Cities II
More Sports Quizzes
NBA Team by Three Coaches
Published
Trending Quizzes
Risky Map Clicking: Least Populous States A-Z
1-10 Letter F Words
1-10 Letter G Words
One Thing in Common: United Kingdom
Risky Map Clicking: Next State Alphabetically
Recently Updated
Leaping Animals
pecheneg
Reality TV Shows (A-Z)
bhenderson79
Rickey Henderson's Hall of Fame Teammates
pecheneg
Champions League XIs: Arsenal
pecheneg
Quick Pick: Celebrities in WWE's Hall of Fame
aduchscher
A-Z Keypad Blitz II
pecheneg
Multiple Oscar Actors
pecheneg
Mystery Phrase Blitz: Oscar 'Best Actors'
pecheneg
F. Scott Fitzgerald Novels
LTH
Pick 3 Villains
ddd62291
Trending Topics
Crossword
Anime
Marvel
Harry Potter
Kpop
NBA
Disney
Puzzle
WWE
Song
Pokémon
Soccer
NFL
Country
The Office
Your Account Isn't Verified!
In order to create a playlist on Sporcle, you need to verify the email address you used during registration. Go to your
Sporcle Settings
to finish the process.
Report this User
Report this user for behavior that violates our
Community Guidelines
.
Details:
Send Report
Go to the Sporcle.com Mobile Site →
Comments